Warframe I All Elemental types! - Statistics

General Stats
  • This quiz has been taken 89 times
  • The average score is 13 of 16
Answer Stats
Hint Answer % Correct
Amplifies damage dealt to Shields and Overguard, as well as stopping shield regeneration. Magnetic
91%
Deals a percentage of the attackers damage every second that bypasses the targets armor. Slash
91%
Reduces the targets movement speed, Reload speed and their Fire rate for a duration Cold
90%
Increases the damage inflicted on health by a certain percentage. Viral
90%
Decreases the damage output of the affected target and increases the chance of being critically struck Puncture
88%
Deals DoT damage to the target while causing them to panic and stripping them of armor. Heat
87%
Causes a stagger when hitting an opponent with any attack Impact
87%
Deals DoT damage to the target and enemies within 3m of the target as well as stunning them. Electricity
84%
Reduces the targets armor up to a maximum. Corrosive
82%
Enables friendly fire and causes the target to shoot at the closest enemy. Radiation
82%
Deals damage to the target and surrounding enemies after a short delay. Blast
81%
Deals DoT damage to the target that bypasses all shields. Toxin
81%
Deals damage in an area around the target, more stacks increase the width of the area. Gas
73%
Creates a field that attracts projectiles to the original impact point. Void
66%
The target is more likely to receive status effects Tau
54%
Deals damage ignoring any damage mitigation. True
49%
No matching quizzes found
Score Distribution
Percent of People with Each Score
Percentile by Number Answered
Your Score History
You have not taken this quiz